Statistics for 2022 Winter Paralympics Medal Table

Click here to take the quiz!

General Stats

  • This quiz has been taken 18 times
  • The average score is 16 of 19

Answer Stats

GSBMedalsCountry% Correct
18202361China
100%
1146Great Britain
100%
611320United States
100%
73212France
94%
48719Germany
94%
2327Italy
94%
861125Canada
89%
2204Finland
89%
4127Japan
89%
2237Sweden
89%
0011Australia
83%
4217Norway
83%
1110829Ukraine💙💛
83%
55313Austria
78%
0314Netherlands
78%
0011Switzerland
78%
1124New Zealand
67%
3036Slovakia
56%
0011Kazakhstan
50%

Score Distribution

Percentile by Number Answered

Percent of People with Each Score

Your Score History

You have not taken this quiz